[Event "Rated Blitz tournament REkIxXzt"]
[Site "?"]
[Date "2021.06.17"]
[Round "?"]
[White "June31"]
[Black "dr_xStranger"]
[Result "1/2-1/2"]
[WhiteElo "2726"]
[BlackElo "2483"]
[PlyCount "135"]
[EventDate "2021.??.??"]
[EventType "blitz"]

1. e4 e5 2. Nf3 d5 3. exd5 e4 4. Qe2 Nf6 5. d3 Bb4+ 6. c3 O-O 7. dxe4 Bc5 8.
Bg5 Re8 9. Bxf6 Qxf6 10. Nbd2 c6 11. g3 cxd5 12. e5 Qb6 13. b4 Bf8 14. Bg2 Nc6
15. O-O Bg4 16. h3 Bh5 17. Qd3 Nxe5 18. Nxe5 Rxe5 19. Nf3 Bxf3 20. Bxf3 Rd8 21.
Rfe1 Rg5 22. Kg2 h6 23. a3 Bd6 24. Rad1 Qc7 25. Bxd5 Kh8 26. Qf3 f6 27. h4 Re5
28. Bxb7 Rxe1 29. Rxe1 Be5 30. Re3 f5 31. c4 Rd2 32. Bd5 g6 33. Re2 Rxe2 34.
Qxe2 Kg7 35. c5 g5 36. hxg5 hxg5 37. Qh5 Bf6 38. Qe8 Bd4 39. c6 Qe5 40. Qxe5+
Bxe5 41. b5 Bc7 42. a4 Kf6 43. Bb3 Ke5 44. Bc2 f4 45. g4 Kd4 46. Kf3 Bd6 47.
Bd1 Bc7 48. Ke2 Kc3 49. Kf3 Kd4 50. Bc2 Bd6 51. Bg6 Bc7 52. Be8 Bd6 53. Ke2 Bc7
54. f3 Kc3 55. Bg6 Bd6 56. Bd3 Bc7 57. Be4 Ba5 58. Bd5 Bc7 59. Be4 Ba5 60. Kd1
Bc7 61. Kc1 Ba5 62. Bc2 Bc7 63. Kb1 Ba5 64. Bd1 Bc7 65. Ka2 Ba5 66. Kb1 Bc7 67.
Bc2 Ba5 68. Bd1 {Normal} 1/2-1/2

[Event "Rated Blitz game"]
[Site "?"]
[Date "2021.06.17"]
[Round "?"]
[White "Stapfenoder"]
[Black "annaly1979"]
[Result "0-1"]
[WhiteElo "2481"]
[BlackElo "2446"]
[PlyCount "88"]
[EventDate "2021.??.??"]
[EventType "blitz"]

1. e4 e5 2. Nf3 d5 3. exd5 e4 4. Ne5 Bd6 5. d4 Nf6 6. c4 b6 7. Nc3 h6 8. Be2
O-O 9. O-O Bf5 10. f3 Bh7 11. fxe4 Nxe4 12. Nxe4 Bxe4 13. Bd3 Bxd3 14. Qxd3 Nd7
15. Nc6 Qh4 16. g3 Qh3 17. Bf4 Rae8 18. Bxd6 cxd6 19. Rf4 Nf6 20. Qf3 Nh7 21.
Rf1 Ng5 22. Qg2 Qh5 23. h4 Re2 24. R4f2 Rxf2 25. Rxf2 Qd1+ 26. Kh2 Nh7 27. Rd2
Qg4 28. Qh3 Qf3 29. Qg2 Qe3 30. Qe2 Re8 31. Qxe3 Rxe3 32. Nxa7 Nf6 33. Nc8 Ne4
34. Rg2 Rd3 35. Ne7+ Kh7 36. Nc6 f5 37. b4 Rc3 38. c5 bxc5 39. dxc5 dxc5 40. b5
Rc1 41. Na5 Rb1 42. Nb3 c4 43. Nd4 Nf6 44. d6 Ng4+ {Normal} 0-1

[Event "Rated Blitz tournament FphOj1SC"]
[Site "?"]
[Date "2021.06.17"]
[Round "?"]
[White "Donkey006"]
[Black "ThePuB"]
[Result "1-0"]
[WhiteElo "2560"]
[BlackElo "2215"]
[PlyCount "51"]
[EventDate "2021.??.??"]
[EventType "blitz"]

1. e4 e5 2. Nf3 d5 3. Nxe5 dxe4 4. Bc4 Qg5 5. d4 Qxg2 6. Bxf7+ Ke7 7. Rf1 Nd7
8. Bc4 Nxe5 9. dxe5 Bh3 10. Qh5 g6 11. Qh4+ Ke8 12. Nc3 Be7 13. Qf4 Qf3 14. Rg1
Qxf4 15. Bxf4 Bf5 16. Nd5 Rc8 17. O-O-O c6 18. Ne3 Bc5 19. Nxf5 gxf5 20. Rxg8+
Rxg8 21. Bxg8 Bxf2 22. Bxh7 e3 23. Bg6+ Ke7 24. Bg5+ Ke6 25. Bf6 f4 26. Rd6# {
Normal} 1-0

[Event "Rated Blitz game"]
[Site "?"]
[Date "2021.06.17"]
[Round "?"]
[White "taoneto"]
[Black "KinzyabulatovRenat"]
[Result "0-1"]
[WhiteElo "2452"]
[BlackElo "2448"]
[PlyCount "130"]
[EventDate "2021.??.??"]
[EventType "blitz"]

1. e4 e5 2. Nf3 d5 3. exd5 e4 4. Qe2 Nf6 5. Nc3 Be7 6. Nxe4 Nxd5 7. d3 O-O 8.
Qd1 Re8 9. Be2 c5 10. O-O Nc6 11. Re1 Bg4 12. h3 Bh5 13. Ng3 Bg6 14. Bf1 Bf6
15. c3 Qb6 16. Rxe8+ Rxe8 17. Qb3 Qxb3 18. axb3 a6 19. Bd2 h6 20. Re1 Rd8 21.
Ne4 Be7 22. g3 f5 23. c4 Ndb4 24. Nc3 Nxd3 25. Bxd3 Rxd3 26. Be3 Bf7 27. h4 Bd6
28. Kg2 Na5 29. Nd2 b6 30. Re2 Be5 31. Na4 Bc7 32. Nc3 Bh5 33. f3 Bf7 34. Kf2
Nc6 35. Na4 Nd4 36. Bxd4 Rxd4 37. Nc3 f4 38. g4 Rd3 39. Nde4 Be5 40. h5 Bd4+
41. Kg2 Be3 42. g5 hxg5 43. Nxg5 Bxh5 44. Nce4 Rxb3 45. Kh3 Bg6 46. Kg4 Rb4 47.
b3 Rxb3 48. Nd6 Rb4 49. Nc8 b5 50. Ne7+ Kf8 51. Nxg6+ Ke8 52. Nxf4 Rb3 53. Ngh3
Kd7 54. Nd5 Bd4 55. Re7+ Kd6 56. Ng5 bxc4 57. Nf7+ Kxd5 58. Kf5 Kc6 59. Re6+
Kb5 60. Ke4 Re3+ 61. Kd5 Rxe6 62. Kxe6 c3 63. Nd6+ Kb4 64. Ne4 c2 65. Nxc5 Kxc5
{Time forfeit} 0-1

[Event "Rated Blitz game"]
[Site "?"]
[Date "2021.06.17"]
[Round "?"]
[White "chessmachine68"]
[Black "ahoramahora"]
[Result "0-1"]
[WhiteElo "2425"]
[BlackElo "2352"]
[PlyCount "46"]
[EventDate "2021.??.??"]
[EventType "blitz"]

1. e4 e5 2. Nf3 d5 3. Nxe5 Bd6 4. d4 dxe4 5. Bc4 Bxe5 6. Qh5 Qe7 7. dxe5 Be6 8.
Bxe6 Qxe6 9. Nc3 Nc6 10. O-O Qxe5 11. Qxe5+ Nxe5 12. Nxe4 O-O-O 13. Bf4 Ng6 14.
Be3 h6 15. Rad1 N8e7 16. a4 a6 17. b4 Nf5 18. Bc1 Rhe8 19. f3 Nd4 20. c3 Ne2+
21. Kf2 Nxc1 22. Rxc1 Nf4 23. Kg3 Ne2+ {Normal} 0-1

[Event "Rated Blitz game"]
[Site "?"]
[Date "2021.06.17"]
[Round "?"]
[White "Rabulador"]
[Black "ALYHUTANGzKi76"]
[Result "1/2-1/2"]
[WhiteElo "2427"]
[BlackElo "2407"]
[PlyCount "85"]
[EventDate "2021.??.??"]
[EventType "blitz"]

1. e4 e5 2. Nf3 d5 3. Nxe5 dxe4 4. d4 Bd6 5. Bf4 Bf5 6. Nc3 f6 7. g4 Be6 8.
Nxe4 fxe5 9. dxe5 Bb4+ 10. c3 Qxd1+ 11. Rxd1 Ba5 12. h3 Nc6 13. Nc5 Bc8 14. Bg2
Nge7 15. O-O O-O 16. Bg3 Bb6 17. Ne4 Ng6 18. Ng5 Ngxe5 19. Bd5+ Kh8 20. Rfe1 h6
21. Bxc6 Nxc6 22. Ne4 h5 23. Kg2 hxg4 24. hxg4 Bxg4 25. Rd3 Rae8 26. f3 Bf5 27.
Rd5 Bxe4 28. fxe4 Re7 29. Rh1+ Kg8 30. Rdh5 Rfe8 31. Rh8+ Kf7 32. Rf1+ Kg6 33.
Rxe8 Rxe8 34. e5 Nxe5 35. Re1 Kf5 36. Rf1+ Ke6 37. Re1 Kd5 38. Rd1+ Kc6 39. Re1
Kd6 40. Rd1+ Ke6 41. Re1 Kd7 42. Rd1+ Ke6 43. Re1 {Normal} 1/2-1/2

[Event "Rated Blitz game"]
[Site "?"]
[Date "2021.06.17"]
[Round "?"]
[White "PhantomKinder"]
[Black "KamranShirazi"]
[Result "1/2-1/2"]
[WhiteElo "2505"]
[BlackElo "2586"]
[PlyCount "101"]
[EventDate "2021.??.??"]
[EventType "blitz"]

1. e4 e5 2. Nf3 d5 3. Nxe5 Bd6 4. d4 dxe4 5. Bc4 Bxe5 6. Qh5 Qe7 7. Qxe5 Qxe5
8. dxe5 Nc6 9. Nc3 Nxe5 10. Bb3 Be6 11. Bxe6 fxe6 12. Bf4 Ng6 13. Bxc7 Nf6 14.
O-O Rc8 15. Bg3 a6 16. Rfe1 Rc4 17. Rad1 Kf7 18. f3 exf3 19. gxf3 Rhc8 20. Rd3
R8c5 21. Kf2 Nd5 22. Nxd5 Rxc2+ 23. Re2 Rxe2+ 24. Kxe2 exd5 25. Kd2 Ne7 26. Bd6
Rb5 27. b3 Nf5 28. Bf4 Kf6 29. a4 Rc5 30. Bb8 d4 31. f4 Ke6 32. Be5 Kd5 33. h4
Rc3 34. Rxc3 dxc3+ 35. Bxc3 g6 36. Bf6 Nd6 37. Ke3 b5 38. axb5 axb5 39. Kf3 h5
40. Bc3 Ne4 41. Be1 Kd4 42. f5 g5 43. hxg5 Nxg5+ 44. Kf4 Nf7 45. f6 Kd5 46. Kf5
Kd6 47. Bg3+ Kd7 48. Bf2 Kd6 49. Bg3+ Kd7 50. Bf2 Kd6 51. Bg3+ {Normal} 1/2-1/2

[Event "Rated Blitz tournament PFQnzOrT"]
[Site "?"]
[Date "2021.06.17"]
[Round "?"]
[White "KILLER_OPG"]
[Black "om_gendut"]
[Result "1/2-1/2"]
[WhiteElo "2288"]
[BlackElo "2467"]
[PlyCount "29"]
[EventDate "2021.??.??"]
[EventType "blitz"]

1. e4 e5 2. Nf3 d5 3. Nc3 dxe4 4. Nxe4 Nf6 5. Qe2 Nc6 6. d4 Nxd4 7. Nxf6+ gxf6
8. Nxd4 Qxd4 9. c3 Qd5 10. Qb5+ Qxb5 11. Bxb5+ Bd7 12. Bxd7+ Kxd7 13. Be3 Bd6
14. O-O-O Ke7 15. Rhe1 {Normal} 1/2-1/2

[Event "Rated Blitz tournament KNz7pV4C"]
[Site "?"]
[Date "2021.06.17"]
[Round "?"]
[White "pasteta"]
[Black "viewer94"]
[Result "1-0"]
[WhiteElo "2387"]
[BlackElo "2461"]
[PlyCount "33"]
[EventDate "2021.??.??"]
[EventType "blitz"]

1. e4 e5 2. Nf3 d5 3. Nxe5 Bd6 4. d4 dxe4 5. Bc4 Nf6 6. Nxf7 Qe7 7. Nxh8 Nc6 8.
Nf7 Bb4+ 9. c3 Ba5 10. Ne5 Nxe5 11. dxe5 Qxe5 12. O-O Bd7 13. Qd4 Qh5 14. Bf4
O-O-O 15. Qe5 Qg4 16. h3 Qh4 17. Bg5 {Normal} 1-0

[Event "Rated Blitz game"]
[Site "?"]
[Date "2021.06.17"]
[Round "?"]
[White "superchess2002"]
[Black "Fantastic_power06"]
[Result "1-0"]
[WhiteElo "2781"]
[BlackElo "2678"]
[PlyCount "119"]
[EventDate "2021.??.??"]
[EventType "blitz"]

1. e4 e5 2. Nf3 d5 3. exd5 e4 4. Ne5 Qxd5 5. d4 exd3 6. Nxd3 Nf6 7. Nc3 Qf5 8.
Be3 Nc6 9. Be2 Be6 10. Bf3 Nd5 11. Nxd5 Bxd5 12. Bxd5 Qxd5 13. O-O O-O-O 14.
Qg4+ Qd7 15. Qxd7+ Rxd7 16. Rfe1 Be7 17. a4 a5 18. h3 b6 19. Nf4 Nb4 20. Rac1
Bf6 21. c3 Nd3 22. Nxd3 Rxd3 23. g4 h6 24. Kf1 Rhd8 25. Ke2 Bg5 26. f4 Bh4 27.
Red1 Rxd1 28. Rxd1 Rxd1 29. Kxd1 Kd7 30. f5 Kc6 31. Ke2 Kd5 32. Kd3 Bg3 33. Bd4
g6 34. c4+ Kd6 35. Ke4 h5 36. fxg6 fxg6 37. gxh5 gxh5 38. Kf5 h4 39. b3 Be1 40.
Kg4 Kc6 41. Bf6 Kc5 42. Bxh4 Bd2 43. Bg5 Be1 44. Bh4 Bd2 45. Be7+ Kd4 46. h4
Kc3 47. Bg5 Be1 48. h5 Kxb3 49. h6 Bc3 50. Kf5 Kxa4 51. Bf6 Bxf6 52. Kxf6 Kb3
53. h7 a4 54. h8=Q a3 55. Ke6 Kxc4 56. Qa1 Kb3 57. Kd5 c5 58. Qb1+ Ka4 59. Kc4
a2 60. Qb3+ {Normal} 1-0

[Event "Rated Blitz game"]
[Site "?"]
[Date "2021.06.17"]
[Round "?"]
[White "AyUsHaDoLsOnOv"]
[Black "Sulfaremus"]
[Result "0-1"]
[WhiteElo "2620"]
[BlackElo "2581"]
[PlyCount "64"]
[EventDate "2021.??.??"]
[EventType "blitz"]

1. e4 e5 2. Nf3 d5 3. exd5 Bc5 4. d4 exd4 5. c4 c6 6. dxc6 Nxc6 7. h3 Nf6 8.
Bd3 O-O 9. O-O h6 10. a3 a5 11. Bf4 Re8 12. Nbd2 a4 13. Bc2 d3 14. Bxa4 Bd7 15.
b4 Bd4 16. Nxd4 Nxd4 17. Bxd7 Ne2+ 18. Kh1 Qxd7 19. Bh2 Qf5 20. Qb3 Nd4 21. Qc3
Rad8 22. Rad1 Re2 23. Bg1 g5 24. Nb3 Nf3 25. Nc1 Rc2 26. Qxc2 dxc2 27. Rxd8+
Kh7 28. Rd3 Ne5 29. Rd4 g4 30. h4 g3 31. f3 Nfg4 32. Ne2 Qf6 {Normal} 0-1

[Event "Rated Blitz game"]
[Site "?"]
[Date "2021.06.17"]
[Round "?"]
[White "Mohsen_Vaghar_2008"]
[Black "ahoramahora"]
[Result "1-0"]
[WhiteElo "2544"]
[BlackElo "2372"]
[PlyCount "87"]
[EventDate "2021.??.??"]
[EventType "blitz"]

1. e4 e5 2. Nf3 d5 3. exd5 e4 4. Qe2 Nf6 5. Nc3 Be7 6. Nxe4 O-O 7. Nxf6+ Bxf6
8. d4 Qxd5 9. Be3 Nc6 10. Qc4 Qh5 11. Be2 Bg4 12. h3 Rfe8 13. O-O-O Be6 14. Qb5
Bd5 15. c4 Bxf3 16. Qxh5 Bxh5 17. Bxh5 Rad8 18. d5 Ne5 19. b3 a6 20. Rhe1 b5
21. f4 Ng6 22. c5 Bc3 23. Re2 Re4 24. Bf3 Nxf4 25. Bxf4 Rxf4 26. Re7 Ba5 27. a3
Kf8 28. Re2 b4 29. a4 g6 30. Kc2 h5 31. Rde1 Rf5 32. Re5 Rxe5 33. Rxe5 Re8 34.
Rxe8+ Kxe8 35. Be2 Kd7 36. Bxa6 c6 37. d6 Bd8 38. Bc4 f6 39. Bf7 g5 40. Bxh5 f5
41. Bg6 f4 42. Kd3 Ke6 43. Kc4 Ba5 44. Be8 {Normal} 1-0

[Event "Rated Blitz game"]
[Site "?"]
[Date "2021.06.17"]
[Round "?"]
[White "superchess2002"]
[Black "Fantastic_power06"]
[Result "1/2-1/2"]
[WhiteElo "2791"]
[BlackElo "2670"]
[PlyCount "94"]
[EventDate "2021.??.??"]
[EventType "blitz"]

1. e4 e5 2. Nf3 d5 3. d4 dxe4 4. Nxe5 Bd6 5. Bc4 Bxe5 6. dxe5 Qxd1+ 7. Kxd1 Nc6
8. Re1 Bg4+ 9. Be2 O-O-O+ 10. Bd2 Nxe5 11. h3 Bxe2+ 12. Rxe2 Nf6 13. Kc1 Rhe8
14. a4 h6 15. a5 Nc4 16. Bc3 Nd5 17. Bxg7 Rg8 18. Ra4 Rxg7 19. Rxc4 Rxg2 20.
Rcxe4 Nf4 21. Re1 Rxf2 22. h4 f5 23. Re7 Ng2 24. Rh1 f4 25. Nc3 Ne3 26. Kb1 a6
27. Rg1 Kb8 28. Rgg7 Rc8 29. Rgf7 Rf1+ 30. Ka2 Nxc2 31. Nd5 Ra1+ 32. Kb3 Nd4+
33. Kc4 Nb5 34. Rxf4 Rxa5 35. Rf6 Nd6+ 36. Kd4 Ra4+ 37. b4 a5 38. Ke5 axb4 39.
Nb6 Ra5+ 40. Kf4 cxb6 41. Rxd6 Rc7 42. Rd8+ Rc8 43. Rdd7 Ra7 44. Rd6 Ra6 45.
Rdd7 Ra7 46. Rd6 Ra6 47. Rdd7 Ra7 {Normal} 1/2-1/2

[Event "Rated Blitz game"]
[Site "?"]
[Date "2021.06.17"]
[Round "?"]
[White "Ertugal"]
[Black "KinzyabulatovRenat"]
[Result "1-0"]
[WhiteElo "2508"]
[BlackElo "2442"]
[PlyCount "95"]
[EventDate "2021.??.??"]
[EventType "blitz"]

1. e4 e5 2. Nf3 d5 3. exd5 e4 4. Qe2 Nf6 5. d3 Qxd5 6. Nc3 Bb4 7. Nd2 Bxc3 8.
bxc3 Nc6 9. Nxe4 Be6 10. Nxf6+ gxf6 11. Bd2 O-O-O 12. Qf3 Qxf3 13. gxf3 Rhe8
14. O-O-O b5 15. Kb2 Ne5 16. Be2 Bd5 17. Rhg1 Bxf3 18. Bxf3 Nxf3 19. Rg7 Re2
20. Be3 Nxh2 21. Rxh7 Ng4 22. Rxf7 Rd6 23. Bxa7 Nxf2 24. Bxf2 Rxf2 25. Rh1 Rxd3
26. Rhh7 Rdd2 27. Rxc7+ Kd8 28. Kb3 Rxc2 29. Rhd7+ Ke8 30. Rh7 Rb2+ 31. Ka3
Rxa2+ 32. Kb4 Kd8 33. Rb7 Kc8 34. Rbf7 Rab2+ 35. Kc5 Rfd2 36. Ra7 Kb8 37. Rhb7+
Kc8 38. Rf7 Kb8 39. Rae7 Rd8 40. Kb6 Rd6+ 41. Kc5 Rd8 42. Rb7+ Ka8 43. Ra7+ Kb8
44. Rfb7+ Kc8 45. Kc6 Ra2 46. Rxa2 Rd6+ 47. Kxd6 Kxb7 48. Kc5 {Normal} 1-0

[Event "Rated Blitz game"]
[Site "?"]
[Date "2021.06.17"]
[Round "?"]
[White "asa76"]
[Black "King_bg03"]
[Result "1-0"]
[WhiteElo "2492"]
[BlackElo "2501"]
[PlyCount "57"]
[EventDate "2021.??.??"]
[EventType "blitz"]

1. e4 e5 2. Nf3 d5 3. Nxe5 Bd6 4. d4 dxe4 5. Nc4 Be7 6. Nc3 Nf6 7. Bg5 Nc6 8.
d5 Nb4 9. Ne3 Nbxd5 10. Nexd5 Nxd5 11. Bxe7 Nxe7 12. Qxd8+ Kxd8 13. Nxe4 Be6
14. O-O-O+ Kc8 15. Nc5 Rd8 16. Nxe6 Rxd1+ 17. Kxd1 fxe6 18. Bc4 Nd5 19. Re1 Kd7
20. Bxd5 exd5 21. f4 Re8 22. Rxe8 Kxe8 23. Kd2 Ke7 24. Kd3 Kd6 25. g4 c5 26. c3
g6 27. h3 b5 28. b4 cxb4 29. cxb4 {Time forfeit} 1-0

[Event "Rated Blitz game"]
[Site "?"]
[Date "2021.06.17"]
[Round "?"]
[White "abad-53"]
[Black "ALYHUTANGzKi76"]
[Result "0-1"]
[WhiteElo "2321"]
[BlackElo "2405"]
[PlyCount "86"]
[EventDate "2021.??.??"]
[EventType "blitz"]

1. e4 e5 2. Nf3 d5 3. exd5 e4 4. Qe2 Nf6 5. Nc3 Be7 6. Nxe4 O-O 7. d6 Bxd6 8.
d3 Bg4 9. Be3 Re8 10. O-O-O Nxe4 11. dxe4 Rxe4 12. h3 Bh5 13. g4 Bg6 14. Bg2
Nc6 15. h4 Rxg4 16. Bh3 Ra4 17. Kb1 Bh5 18. Rhg1 Qf6 19. Bg2 Ne5 20. Bd4 Rxd4
21. Rxd4 Bxf3 22. Qe3 Bxg2 23. Rxg2 Ng6 24. h5 Nf4 25. Rg4 Nxh5 26. a3 g6 27.
Qd2 Ng7 28. c4 b6 29. Rd5 a5 30. Ka2 Re8 31. Rgd4 Nf5 32. Rd3 Kg7 33. Qd1 Qe6
34. Qb3 Qe2 35. c5 bxc5 36. Qb5 Re7 37. a4 Qxf2 38. Qxa5 Re2 39. Rd2 Ne3 40.
Rxe2 Qxe2 41. Rd2 Qf3 42. Qc3+ f6 43. Rd3 Bf4 {Time forfeit} 0-1

[Event "Rated Blitz game"]
[Site "?"]
[Date "2021.06.17"]
[Round "?"]
[White "juliopovsky"]
[Black "GoughPhar"]
[Result "1/2-1/2"]
[WhiteElo "2415"]
[BlackElo "2410"]
[PlyCount "166"]
[EventDate "2021.??.??"]
[EventType "blitz"]

1. e4 e5 2. Nf3 d5 3. Nxe5 Bd6 4. d4 Nf6 5. Nc3 dxe4 6. Nc4 O-O 7. Be2 Nc6 8.
O-O Nxd4 9. Nxd6 Nxe2+ 10. Qxe2 cxd6 11. Nxe4 Bf5 12. Nc3 Re8 13. Qb5 Bxc2 14.
Bg5 h6 15. Bh4 g5 16. Bg3 Ne4 17. Rac1 Nxc3 18. bxc3 Be4 19. Rfd1 Bc6 20. Qf5
d5 21. c4 Qc8 22. Qf6 Qe6 23. Qxe6 fxe6 24. cxd5 exd5 25. h4 Re2 26. a3 Rae8
27. hxg5 hxg5 28. Rd4 R8e4 29. Rcd1 Kf7 30. f3 Rxd4 31. Rxd4 Ra2 32. Bd6 Ke6
33. Bb4 b6 34. Rg4 a5 35. Bf8 Kf7 36. Bd6 Ke6 37. Bf8 Kf6 38. Bd6 Rd2 39. Bc7
Ke7 40. Bxb6 a4 41. Rxg5 Kd6 42. Ba5 Rd3 43. Bb4+ Ke6 44. f4 d4 45. Re5+ Kf6
46. Re2 Rg3 47. Bc5 d3 48. Rd2 Rxg2+ 49. Rxg2 Bxg2 50. Be3 Be4 51. Kf2 Kf5 52.
Ke1 Bd5 53. Kd2 Bc4 54. Kc3 Bb5 55. Kd2 Ke4 56. f5 Kxf5 57. Bc5 Ke4 58. Bb4 Kd5
59. Bf8 Kc4 60. Bb4 Kb3 61. Bf8 Bc4 62. Bb4 Ba6 63. Bf8 Kc4 64. Bb4 Kd4 65. Bf8
Kd5 66. Bb4 Ke6 67. Bf8 Kf7 68. Bb4 Ke6 69. Bc5 Kd7 70. Bb4 Kc6 71. Bf8 Kd5 72.
Bb4 Bb7 73. Bf8 Kc6 74. Bb4 Kb6 75. Bf8 Ba6 76. Bg7 Kb5 77. Bc3 Kc4 78. Bb4 Kb3
79. Bf8 Ka2 80. Bb4 Kb2 81. Bf8 Kb3 82. Bb4 Kc4 83. Bf8 Kd5 {Normal} 1/2-1/2

[Event "Rated Blitz game"]
[Site "?"]
[Date "2021.06.17"]
[Round "?"]
[White "nimamideje"]
[Black "King_bg03"]
[Result "1-0"]
[WhiteElo "2635"]
[BlackElo "2497"]
[PlyCount "129"]
[EventDate "2021.??.??"]
[EventType "blitz"]

1. e4 e5 2. Nf3 d5 3. d3 dxe4 4. dxe4 Qxd1+ 5. Kxd1 f6 6. Bc4 Bc5 7. Ke2 Nc6 8.
c3 Nge7 9. b4 Bb6 10. Nbd2 a6 11. a4 Ng6 12. g3 Bh3 13. a5 Ba7 14. Bb3 O-O-O
15. Nc4 Rhf8 16. Be3 h6 17. Nfd2 f5 18. Bxa7 Nxa7 19. f3 fxe4 20. Nxe4 Bg2 21.
Ncd2 Bxh1 22. Rxh1 Nb5 23. Rc1 Ne7 24. Be6+ Kb8 25. Nc4 Nd5 26. Nxe5 Rfe8 27.
Bxd5 Rxd5 28. Nd3 Nd6 29. Ndf2 Nc4 30. h4 Rd2+ 31. Kf1 Ne3+ 32. Kg1 Re2 33. h5
b6 34. Ra1 Nc4 35. axb6 cxb6 36. g4 Ka7 37. Rd1 Re7 38. Nd3 Ne5 39. Nxe5 Rxe5
40. Rd7+ Kb8 41. Rxg7 Rd5 42. Kf1 Rc2 43. Ke1 Rd3 44. Rf7 a5 45. bxa5 bxa5 46.
Rf5 a4 47. Rb5+ Kc7 48. Ra5 Rxf3 49. Rxa4 Rb2 50. Rc4+ Kd7 51. Rd4+ Ke6 52. g5
Rh3 53. Nf2 Re3+ 54. Kf1 Rf3 55. Re4+ Kf5 56. Re2 Rxe2 57. Kxe2 Rxf2+ 58. Kxf2
Kxg5 59. c4 Kf5 60. Kf3 Ke5 61. Ke3 Kd6 62. Ke4 Kc6 63. Kf5 Kc5 64. Kg6 Kxc4
65. Kxh6 {Normal} 1-0

[Event "Rated Blitz tournament REkIxXzt"]
[Site "?"]
[Date "2021.06.17"]
[Round "?"]
[White "Piterskii_KMC"]
[Black "dr_xStranger"]
[Result "1-0"]
[WhiteElo "2416"]
[BlackElo "2485"]
[PlyCount "85"]
[EventDate "2021.??.??"]
[EventType "blitz"]

1. e4 e5 2. Nf3 d5 3. Nxe5 Bd6 4. d4 dxe4 5. Nc3 Bxe5 6. dxe5 Qxd1+ 7. Nxd1 Nc6
8. Bb5 Bd7 9. Bf4 O-O-O 10. Bxc6 Bxc6 11. Nc3 Ne7 12. O-O Ng6 13. Bg3 h5 14. h3
h4 15. Bh2 Rhe8 16. Rfe1 Nxe5 17. Nxe4 f6 18. Nc5 b6 19. Bxe5 bxc5 20. Bc3 Kb7
21. f3 Kb6 22. Kf2 Rc8 23. Rxe8 Rxe8 24. Re1 Rxe1 25. Kxe1 Bd5 26. a3 Kc6 27.
Ke2 Kd6 28. Ke3 Ke6 29. Kd3 a6 30. Be1 g5 31. Bf2 c4+ 32. Kd4 c6 33. Kc5 f5 34.
Kb6 g4 35. fxg4 fxg4 36. Bxh4 Bxg2 37. hxg4 Kd5 38. Kxa6 c3 39. bxc3 Kc4 40.
Bf6 Be4 41. Kb6 c5 42. a4 Bxc2 43. a5 {Normal} 1-0

[Event "Rated Blitz game"]
[Site "?"]
[Date "2021.06.17"]
[Round "?"]
[White "babageldi2277"]
[Black "chesschampion5555"]
[Result "1-0"]
[WhiteElo "2764"]
[BlackElo "2706"]
[PlyCount "71"]
[EventDate "2021.??.??"]
[EventType "blitz"]

1. e4 e5 2. Nf3 d5 3. exd5 e4 4. Qe2 Be7 5. Qxe4 Nf6 6. Qa4+ c6 7. dxc6 O-O 8.
Be2 Nxc6 9. O-O Re8 10. Nc3 a6 11. d4 Bg4 12. Be3 b5 13. Nxb5 axb5 14. Qxb5
Bxf3 15. Bxf3 Nxd4 16. Bxd4 Qxd4 17. Bxa8 Rxa8 18. c3 Qh4 19. h3 h6 20. a4 Bd6
21. Qc6 Rd8 22. Qf3 Bb8 23. a5 Ba7 24. b4 Ne4 25. b5 Nd2 26. Qb7 Nxf1 27. Qxa7
Nd2 28. Re1 Qg5 29. Qe3 Qxe3 30. Rxe3 Nc4 31. b6 Nxe3 32. fxe3 Rd1+ 33. Kf2 Ra1
34. b7 Rb1 35. a6 Rb2+ 36. Kf3 {Normal} 1-0

[Event "Rated Blitz game"]
[Site "?"]
[Date "2021.06.17"]
[Round "?"]
[White "BlackMikhailTal"]
[Black "Fantastic_power06"]
[Result "0-1"]
[WhiteElo "2534"]
[BlackElo "2653"]
[PlyCount "114"]
[EventDate "2021.??.??"]
[EventType "blitz"]

1. e4 e5 2. Nf3 d5 3. d4 dxe4 4. Nxe5 Bd6 5. Bc4 Bxe5 6. Qh5 Qe7 7. Qxe5 Qxe5
8. dxe5 Nc6 9. Nc3 Bf5 10. Bb3 Nge7 11. Bf4 Ng6 12. Bg3 Ngxe5 13. O-O-O Rd8 14.
Nd5 Rd7 15. Ba4 f6 16. Bxe5 fxe5 17. Bxc6 bxc6 18. Ne3 Rxd1+ 19. Rxd1 Be6 20.
c4 Rf8 21. Rd2 Ke7 22. b3 Rf6 23. Kd1 Rh6 24. h3 Rf6 25. Ke2 g5 26. Nd1 g4 27.
hxg4 Bxg4+ 28. Ke3 h5 29. Nc3 Bf5 30. Nxe4 Bxe4 31. Kxe4 Ke6 32. f3 h4 33. Rd1
Rg6 34. Rd2 a5 35. f4 Rg4 36. Rf2 exf4 37. Kf3 Kf5 38. Rd2 Rg3+ 39. Kf2 h3 40.
gxh3 Rxh3 41. Rd8 Rh2+ 42. Kf3 Rxa2 43. Rf8+ Ke5 44. Re8+ Kd6 45. Kxf4 Rb2 46.
Re3 Kc5 47. Re7 Rxb3 48. Rxc7 Rb6 49. Ra7 Kb4 50. Ke5 c5 51. Kd5 a4 52. Rh7 Rb8
53. Rh1 Rd8+ 54. Kc6 a3 55. Rb1+ Kxc4 56. Rc1+ Kb3 57. Kb5 Rb8+ {Normal} 0-1

[Event "Rated Blitz game"]
[Site "?"]
[Date "2021.06.17"]
[Round "?"]
[White "sewin16"]
[Black "jflup"]
[Result "1-0"]
[WhiteElo "2477"]
[BlackElo "2482"]
[PlyCount "83"]
[EventDate "2021.??.??"]
[EventType "blitz"]

1. e4 e5 2. Nf3 d5 3. exd5 e4 4. Qe2 Nf6 5. d3 Qxd5 6. Nc3 Bb4 7. Bd2 Bxc3 8.
Bxc3 O-O 9. dxe4 Nxe4 10. Rd1 Qf5 11. Nd4 Qg6 12. Qd3 Re8 13. Ne2 Nc6 14. f3
Nxc3 15. Qxg6 hxg6 16. bxc3 Be6 17. a3 Bf5 18. Kd2 Rad8+ 19. Kc1 Rxd1+ 20. Kxd1
Ne5 21. Ng3 Re6 22. Nxf5 gxf5 23. Bd3 Nxd3 24. cxd3 Ra6 25. Re1 Kf8 26. Re5 g6
27. Rb5 Rxa3 28. Rxb7 Rxc3 29. Kd2 Ra3 30. Rxc7 Ra2+ 31. Ke3 Rxg2 32. Rxa7 Rxh2
33. d4 Kg7 34. d5 Rh1 35. Kd4 Kf6 36. Ra6+ Kg5 37. Ra3 Rd1+ 38. Ke5 f6+ 39. Ke6
Rd2 40. d6 Kf4 41. d7 g5 42. Ke7 {Time forfeit} 1-0

[Event "Rated Blitz tournament FphOj1SC"]
[Site "?"]
[Date "2021.06.17"]
[Round "?"]
[White "Taktychenko"]
[Black "ThePuB"]
[Result "0-1"]
[WhiteElo "2439"]
[BlackElo "2206"]
[PlyCount "38"]
[EventDate "2021.??.??"]
[EventType "blitz"]

1. e4 e5 2. Nf3 d5 3. d3 dxe4 4. dxe4 Qxd1+ 5. Kxd1 Nc6 6. Nc3 Bg4 7. Be2
O-O-O+ 8. Ke1 Bb4 9. Bd2 Nf6 10. a3 Bxc3 11. Bxc3 Nxe4 12. h3 Bxf3 13. Bxf3
Nxc3 14. bxc3 e4 15. Bg4+ Kb8 16. Ke2 g6 17. h4 f5 18. Bh3 Ne7 19. Rhd1 Nd5 {
Normal} 0-1

[Event "Rated Blitz game"]
[Site "?"]
[Date "2021.06.17"]
[Round "?"]
[White "Morning123"]
[Black "ALYHUTANGzKi76"]
[Result "1-0"]
[WhiteElo "2258"]
[BlackElo "2432"]
[PlyCount "103"]
[EventDate "2021.??.??"]
[EventType "blitz"]

1. e4 e5 2. Nf3 d5 3. Nxe5 dxe4 4. Nc4 Nc6 5. d3 Bc5 6. Be2 Nf6 7. Be3 Bxe3 8.
Nxe3 Be6 9. O-O Qe7 10. dxe4 Nxe4 11. Bf3 Nd6 12. Bxc6+ bxc6 13. Nc3 O-O 14.
Qf3 Rab8 15. b3 c5 16. Ncd5 Qd7 17. c4 c6 18. Nc3 Nf5 19. Nxf5 Bxf5 20. Rad1
Qe6 21. Na4 Be4 22. Qg3 Qf5 23. Qe3 Qg6 24. f3 Bc2 25. Rd2 Rbd8 26. Nxc5 Bb1
27. Rfd1 Rde8 28. Qf2 h6 29. Nd7 Bf5 30. Nxf8 Rxf8 31. Rd6 Qg5 32. Rxc6 Re8 33.
Rcd6 Kh7 34. R6d2 Re7 35. Re2 Rb7 36. f4 Qg6 37. Rde1 a5 38. Qg3 Qb6+ 39. Qe3
Qg6 40. Kh1 a4 41. h3 axb3 42. axb3 Bc2 43. c5 Rxb3 44. Qf2 Bd3 45. Re3 f5 46.
Rd1 Qa6 47. Qd2 Bc4 48. Rxb3 Bxb3 49. Rc1 Bd5 50. Qxd5 Qa2 51. Qd1 Qa4 52. Qxa4
{Time forfeit} 1-0

[Event "Rated Blitz tournament iHSCOLMo"]
[Site "?"]
[Date "2021.06.17"]
[Round "?"]
[White "andro2"]
[Black "DarthZannah"]
[Result "1-0"]
[WhiteElo "2388"]
[BlackElo "2595"]
[PlyCount "129"]
[EventDate "2021.??.??"]
[EventType "blitz"]

1. e4 e5 2. Nf3 d5 3. Nxe5 dxe4 4. d4 Nd7 5. Qh5 g6 6. Qe2 Nxe5 7. Qxe4 Nf6 8.
Qxe5+ Be7 9. Bh6 Be6 10. Nc3 Qd7 11. Bb5 c6 12. Be2 O-O-O 13. O-O-O Rhe8 14.
Bf4 Qd6 15. Qxf6 Bxf6 16. Bxd6 Rxd6 17. Ne4 Be7 18. Nxd6+ Bxd6 19. Bf3 g5 20.
d5 Bf4+ 21. Kb1 cxd5 22. Bxd5 Bxd5 23. Rxd5 Re2 24. Rf1 f6 25. g3 Bc7 26. Kc1
Bb6 27. Kd1 Rxf2 28. Rxf2 Bxf2 29. c3 Kc7 30. Rf5 Bg1 31. h3 Bh2 32. Rxf6 Bxg3
33. Rh6 Bf4 34. Kc2 a6 35. Kd3 Kd7 36. a4 a5 37. Rxh7+ Kc6 38. Kc4 Bc1 39. b4
axb4 40. cxb4 Bf4 41. Rf7 Be3 42. Rf6+ Kc7 43. a5 Bd2 44. Kb5 Be3 45. Rf7+ Kb8
46. Rd7 Kc8 47. Rd3 Bf4 48. Kc5 Kc7 49. b5 Bh2 50. Kd5 Bf4 51. Ke6 Kc8 52. Ke7
Kc7 53. Rc3+ Kb8 54. Kd7 Bd2 55. Rc8+ Ka7 56. b6+ Ka6 57. Ra8+ Kb5 58. Kc7 Bxa5
59. Rxa5+ Kxa5 60. Kxb7 Kb5 61. Kc7 Kc5 62. b7 Kd5 63. b8=Q Ke5 64. Kd7+ Kf5
65. Qg3 {Normal} 1-0